MARC details
| 000 -CABECERA |
| campo de control de longitud fija |
03725nam a2200301 a 4500 |
| 001 - NÚMERO DE CONTROL |
| campo de control |
000034720 |
| 005 - FECHA Y HORA DE LA ÚLTIMA TRANSACCIÓN |
| campo de control |
20240503185327.0 |
| 008 - DATOS DE LONGITUD FIJA--INFORMACIÓN GENERAL |
| campo de control de longitud fija |
111019s1965 mx 000 0 spa d |
| 040 ## - FUENTE DE LA CATALOGACIÓN |
| Centro catalogador/agencia de origen |
DO-SdBNP |
| Lengua de catalogación |
spa |
| Centro/agencia transcriptor |
BNPHU |
| 082 ## - NÚMERO DE LA CLASIFICACIÓN DECIMAL DEWEY |
| Número de clasificación |
330.9 |
| Número de documento/Ítem |
H673e |
| 240 10 - TÍTULO UNIFORME |
| Título uniforme |
Ekonomicheskaja istorija kapitalisticheskikh i slaborazvitykh stran |
| Lenguaje de la obra |
español |
| 245 00 - MENCIÓN DE TÍTULO |
| Título |
Historia económica de los países capitalistas / |
| Mención de responsabilidad, etc. |
dirección general Y. F. Avdakov, F. Y. Polianski ; traductor Luis A. Vargas. |
| 250 ## - MENCIÓN DE EDICIÓN |
| Mención de edición |
1a. ed español |
| 260 ## - PUBLICACIÓN, DISTRIBUCIÓN, ETC. |
| Lugar de publicación, distribución, etc. |
México : |
| Nombre del editor, distribuidor, etc. |
Grijalbo, |
| Fecha de publicación, distribución, etc. |
1965. |
| 300 ## - DESCRIPCIÓN FÍSICA |
| Extensión |
xi, 590 p. ; |
| Dimensiones |
22 cm. |
| 490 0# - MENCIÓN DE SERIE |
| Mención de serie |
Ciencias económicas y sociales |
| 500 ## - NOTA GENERAL |
| Nota general |
Traducido del ruso |
| 500 ## - NOTA GENERAL |
| Nota general |
Índice de nombres: p. 587. |
| 505 0# - NOTA DE CONTENIDO CON FORMATO |
| Información miscelánea |
Época de la esclavitud. |
| Título |
Desarrollo económico del antiguo Egipto -- |
| -- |
Historia económica de Babilonia -- |
| -- |
La economía de la antigua India -- |
| -- |
La economía de la Grecia antigua -- |
| -- |
El desarrollo económico de la Roma antigua -- |
| Información miscelánea |
La época del feudalismo. |
| -- |
A-Génisis del feudalismo en la alta edad media. |
| Título |
Desarrollo del feudalismo en la India -- |
| -- |
Premisas y consecuencias económicas de las conquistas árabes -- |
| -- |
Historia económica de Bizancio -- |
| -- |
Desarrollo del feudalismo en el reino de los Francos -- |
| Información miscelánea |
B- Desarrollo del feudalismo en la alta edad media. |
| Título |
El régimen señorial en Francia en los siglos XI al XV -- |
| -- |
El desarrollo del feudalismo en Alemania -- |
| -- |
El desarrollo del feudalismo en Inglaterra -- |
| -- |
La ciudad medieval en los siglos XI al XV -- |
| -- |
Desarrollo del feudalismo en la India en los siglos XI al XV -- |
| Información miscelánea |
C - La descomposición del feudalismo en la baja edad media. |
| Título |
Premisas y consecuencias de los grandes descubrimientos geográficos -- |
| -- |
El desarrollo económico de Francia en los siglos XVI y XVII -- |
| -- |
Renacimiento del feudalismo en Alemania durante los siglos XVI y XVII -- |
| Información miscelánea |
La época del capitalismo premonopolista -- |
| Título |
La revolución agraria de Inglaterra en el siglo XVI -- |
| -- |
El desarrollo económico de Holanda en los siglos XVII y XVIII -- |
| -- |
La revolución industrial en Inglaterra -- |
| -- |
El derrocamiento revolucionario del régimen feudal y el desarrollo del capitalismo en Francia (1789-1870) -- |
| -- |
Desarrollo económico de los Estados Unidos en el periodo del triunfo y expansión del capitalismo -- |
| -- |
Las reformas agrarias y la revolución industrial en Alemania -- |
| -- |
Comienzo de la esclavización colonial de la India -- |
| 504 0# - NOTA DE BIBLIOGRAFÍA, ETC. |
| -- |
Período del capitalismo. |
| -- |
La economía de Estados Unidos a fines del siglo XIX y comienzos del siglo XX -- |
| -- |
El desarrollo económico de Alemania a fines del siglo XIX y comienzos del XX -- |
| -- |
La economía de Inglaterra a fines del siglo XIX y comienzos del XX -- |
| -- |
La economía de Francia a fines del siglo XIX y comienzos del XX -- |
| -- |
El desarrollo económico del Japón a fines del siglo XIX y comienzos del XX -- |
| -- |
La economía de la India bajo el yugo del colonialismo -- |
| -- |
La crisis del capitalismo en Estados Unidos (1918-1961) -- |
| -- |
La crisis del capitalismo en Inglaterra (1918-1961) -- |
| -- |
La crisis del capitalismo en Francia (1918-1961) -- |
| -- |
La crisis del capitalismo en Alemania (1918-1945) -- |
| -- |
La economía de la República Federal Alemana -- |
| -- |
El desarrollo económico de Italia en el periodo del imperialismo -- |
| -- |
La economía del Japón en el periodo de la crisis general del capitalismo -- |
| -- |
La economía de India en el periodo de la crisis general del capitalismo -- |
| -- |
El desarrollo económico de la República de Indonesia. |
| 650 #4 - PUNTO DE ACCESO ADICIONAL DE MATERIA--TÉRMINO DE MATERIA |
| Término de materia o nombre geográfico como elemento de entrada |
Capitalismo |
| Subdivisión general |
Historia |
| 9 (RLIN) |
3851 |
| 650 #0 - PUNTO DE ACCESO ADICIONAL DE MATERIA--TÉRMINO DE MATERIA |
| Término de materia o nombre geográfico como elemento de entrada |
Historia económica |
| 9 (RLIN) |
1620 |
| 700 1# - PUNTO DE ACCESO ADICIONAL--NOMBRE DE PERSONA |
| Nombre de persona |
AVDAKOV, Y. F. |
| 9 (RLIN) |
60176 |
| 700 1# - PUNTO DE ACCESO ADICIONAL--NOMBRE DE PERSONA |
| Nombre de persona |
POLIANSKI, F. Y. |
| 9 (RLIN) |
60177 |
| 700 1# - PUNTO DE ACCESO ADICIONAL--NOMBRE DE PERSONA |
| Nombre de persona |
VARGAS, LUIS A. |
| Término indicativo de función/relación |
tr. |
| 9 (RLIN) |
60178 |
| 830 #0 - PUNTO DE ACCESO ADICIONAL DE SERIE-TÍTULO UNIFORME |
| Título uniforme |
Ciencias económicas y sociales |
| 9 (RLIN) |
60179 |
| 910 ## - DATOS DE OPCIÓN DEL USUARIO (OCLC) |
| Datos de opción del usuario |
Validado. Control de calidad BNPHU. |